[Event "Cto por Equipos de Aragon-Preferente II"]
[Site ""]
[Date "2023.03.25"]
[Round "9.49"]
[White "Brosa Soto, Jesus"]
[Black "Mimbela Lopez, Luis"]
[Result "0-1"]
[WhiteElo "1938"]
[BlackElo "2016"]
[PlyCount "0"]
[WhiteTeam "Las Fuentes B"]
[BlackTeam "Agrupacion A"]
[EventDate "2023.01.28"]

1. d4 g6 2. Bf4 Bg7 3. e3 d6 4. Nf3 Nf6 5. Nbd2 O-O 6. h3 Nc6 7. Be2 Nd7 8. c3
e5 9. Bg5 Qe8 10. O-O h6 11. Bh4 f5 12. Bg3 e4 13. Ne1 g5 14. Nc2 Nf6 15. f4
Kh8 16. c4 Ne7 17. h4 gxh4 18. Bxh4 Rg8 19. Rf2 Ng4 20. Bxg4 fxg4 21. Bxe7 Qxe7
22. g3 c5 23. Qe2 Bf5 24. Nf1 a6 25. Rd1 b5 26. b3 bxc4 27. Qxc4 Be6 28. Qe2
Rgf8 29. Rh2 a5 30. Rh4 a4 31. d5 Bf5 32. Nh2 axb3 33. axb3 Rfb8 34. Rb1 Ra2
35. Nxg4 Bxg4 36. Rxg4 Qd7 37. Rh4 c4 38. b4 Qa4 39. Rh2 c3 40. Qg2 Rb2 41. Rc1
R8xb4 42. Qh3 Rb8 43. Qe6 Qa7 44. Qxe4 Rb1 45. Rxb1 Rxb1+ 46. Kf2 Qa6 47. Kf3
Qf1+ 48. Kg4 Qd1+ 49. Qf3 Qd3 50. e4 Qa6 51. e5 dxe5 52. fxe5 Qg6+ 53. Kf4 Qg5+
54. Ke4 Qxe5+ 55. Kd3 Rb5 56. Ne3 Qd4+ 0-1

[Event "Cto por Equipos de Aragon-Preferente II"]
[Site ""]
[Date "2023.03.25"]
[Round "9.50"]
[White "Carruez Berges, Santiago"]
[Black "Artal Alegria, Francisco Javier"]
[Result "1-0"]
[WhiteElo "1930"]
[BlackElo "1745"]
[PlyCount "0"]
[WhiteTeam "Agrupacion A"]
[BlackTeam "Las Fuentes B"]
[EventDate "2023.01.28"]

1. e4 d5 2. exd5 Nf6 3. d4 Bg4 4. Nf3 Qxd5 5. Be2 Nc6 6. Nc3 Qh5 7. h3 O-O-O 8.
Rg1 Nxd4 9. Nxd4 Bxe2 10. Ncxe2 e5 11. Be3 c5 12. c3 cxd4 13. cxd4 Bb4+ 14. Kf1
Rhe8 15. Qc2+ Kb8 16. dxe5 Rxe5 17. Bf4 Rd2 18. Ng3 Ne4 19. Nxh5 Rxc2 20. Bxe5+
Kc8 21. Bc3 Rxf2+ 22. Ke1 Bc5 23. Rf1 Rxg2 24. Nf4 Rh2 25. Nd3 Bd6 26. Be5 Rxh3
27. Bxd6 Re3+ 28. Kd1 Rxd3+ 29. Ke2 Rxd6 30. Rac1+ Kd8 31. Rxf7 Re6 32. Rxg7
Nd6+ 33. Kd3 Rh6 34. Rcc7 Rh3+ 35. Ke2 Rh6 36. Kf3 Rf6+ 37. Kg4 Rg6+ 38. Rxg6
hxg6 39. Rg7 a5 40. b3 b5 41. Kf4 a4 42. Ke5 Nc8 43. Rxg6 Kc7 44. Rh6 Nb6 45.
Kd4 axb3 46. axb3 Nd7 47. Kd5 Kb7 48. Rh7 Kc8 49. Kd6 Nf6 50. Rf7 Ne4+ 51. Kc6
Kd8 52. Rh7 b4 53. Kb5 1-0

[Event "Cto por Equipos de Aragon-Preferente II"]
[Site ""]
[Date "2023.03.25"]
[Round "9.52"]
[White "Sanjuan Segura, Ignacio"]
[Black "Muro Guerrero, Miguel"]
[Result "1-0"]
[WhiteElo "1820"]
[BlackElo "1939"]
[PlyCount "0"]
[WhiteTeam "Palacio De Pioneros C"]
[BlackTeam "Dr. Azua A"]
[EventDate "2023.01.28"]

1. Nf3 d5 2. b3 Nf6 3. Bb2 c5 4. e3 e6 5. c4 Nc6 6. cxd5 exd5 7. Bb5 Bd6 8. O-O
O-O 9. d4 Bg4 10. dxc5 Bxc5 11. Nc3 Ne5 12. Be2 Nc6 13. Rc1 Bb6 14. Nb5 Ne4 15.
Nbd4 Qd6 16. Nb5 Qd8 17. Nfd4 Bd7 18. Nf3 Bg4 19. h3 Bxf3 20. Bxf3 Qg5 21. Nd4
Ne5 22. Be2 Rac8 23. Kh1 Nxf2+ 24. Rxf2 Qxe3 25. Rxc8 Rxc8 26. Rf1 g6 27. Nf3
Nxf3 28. Rxf3 Qe4 29. Bd3 Qe6 30. Qf1 Bc7 31. Rf6 Qe7 32. Qf2 Re8 33. Bd4 Qb4
34. Rxf7 Qd6 35. Rg7+ 1-0

[Event "Cto por Equipos de Aragon-Preferente II"]
[Site ""]
[Date "2023.03.25"]
[Round "9.53"]
[White "Cajo Esteban, Ruben"]
[Black "Campana Valencia, Lidia"]
[Result "1/2-1/2"]
[WhiteElo "1865"]
[BlackElo "1565"]
[PlyCount "0"]
[WhiteTeam "Dr. Azua A"]
[BlackTeam "Palacio De Pioneros C"]
[EventDate "2023.01.28"]

1. d4 d5 2. Nf3 Nf6 3. c4 c6 4. Nc3 e6 5. Bg5 Be7 6. e3 Nbd7 7. cxd5 exd5 8.
Bd3 Qc7 9. O-O h6 10. Bf4 Bd6 11. Bxd6 Qxd6 12. Rb1 O-O 13. b4 Re8 14. Qc2 Qe7
15. Rfc1 Ne4 16. Nd2 f5 17. Ncxe4 fxe4 18. Bf1 Nf6 19. b5 cxb5 20. Bxb5 Bd7 21.
Bxd7 Qxd7 22. Rb3 b6 23. Rc3 Reb8 24. Nf1 Ne8 25. Ng3 a6 26. Qb3 Qf7 27. Rc6 b5
28. Ne2 Rd8 29. Nf4 g5 30. Ne2 Kg7 31. Qa3 a5 32. Qc5 b4 33. Ng3 Rdb8 34. Rb1
Rb7 35. Rb6 Rc7 36. Qb5 Qd7 37. Qxd7+ Rxd7 38. Nf5+ Kf8 39. Rc1 Rh7 40. Rxh6
Rxh6 41. Nxh6 Ra6 42. Ng4 Rb6 43. f3 exf3 44. gxf3 a4 45. Kf2 b3 46. axb3 axb3
47. Rb1 Nd6 48. Ne5 Ke7 49. Ke2 Nc4 50. Nd3 Na3 51. Rb2 Nc4 1/2-1/2

[Event "Cto por Equipos de Aragon-Preferente II"]
[Site ""]
[Date "2023.03.25"]
[Round "9.54"]
[White "Aliaga Cebrian, Luis Angel"]
[Black "Garcia Garcia, Enrique"]
[Result "0-1"]
[WhiteElo "1500"]
[BlackElo "1797"]
[PlyCount "0"]
[WhiteTeam "Palacio De Pioneros C"]
[BlackTeam "Dr. Azua A"]
[EventDate "2023.01.28"]

1. e4 c5 2. c3 d5 3. e5 Nc6 4. Nf3 Bg4 5. Bb5 Qb6 6. Qa4 Bxf3 7. Bxc6+ bxc6 8.
gxf3 e6 9. d4 cxd4 10. cxd4 Ne7 11. Nd2 Nf5 12. Nb3 Be7 13. Be3 O-O 14. Rc1
Rac8 15. Rc2 f6 16. f4 fxe5 17. fxe5 Nxe3 18. fxe3 Bb4+ 19. Ke2 Qb7 20. Nc5
Bxc5 21. dxc5 Qf7 22. Qg4 Qf5 23. Qa4 Qf3+ 24. Kd3 Qxh1 25. Qxa7 Qe4+ 26. Kd2
Rf2+ 27. Ke1 Qxc2 28. Qd7 Qd2# 0-1

[Event "Cto por Equipos de Aragon-Preferente II"]
[Site ""]
[Date "2023.03.25"]
[Round "9.55"]
[White "Lopez Caudevilla, David"]
[Black "Lopez Guaita, Fernando"]
[Result "1-0"]
[WhiteElo "2165"]
[BlackElo "1836"]
[PlyCount "0"]
[WhiteTeam "Actur Rey Fernando A"]
[BlackTeam "Utebo San Lamberto A"]
[EventDate "2023.01.28"]

1. e4 c6 2. d3 d5 3. Nd2 dxe4 4. dxe4 e5 5. Ngf3 Bg4 6. h3 Bxf3 7. Qxf3 Nf6 8. Bc4 Bd6 9. O-O O-O 
10. Rd1 Nbd7 11. Nf1 Qe7 12. Ng3 g6 13. Bh6 Rfd8 14. Nf5 gxf5 15. Qg3+ Ng4 16. exf5 Nf6 17. hxg4 Ne4 
18. Qe3 Qh4 19. Qxe4 Qxh6 20. Rd3 Qf4 21. Qxf4 exf4 22. Rad1 Bc7 23. Rd7 Bb6 24. Bxf7+ Kf8 
25. Be6 Rxd7 26. Rxd7 Rd8 27. Rxh7 Rd1+ 28. Kh2 Bxf2 29. Rf7+ Ke8 30. g5 Bh4 31. g6 1-0

[Event "Cto por Equipos de Aragon-Preferente II"]
[Site ""]
[Date "2023.03.25"]
[Round "9.56"]
[White "Arias Alvarez, Alberto"]
[Black "Abos Rosico, Antonio"]
[Result "0-1"]
[WhiteElo "1703"]
[BlackElo "2077"]
[PlyCount "0"]
[WhiteTeam "Utebo San Lamberto A"]
[BlackTeam "Actur Rey Fernando A"]
[EventDate "2023.01.28"]

1. e4 d6 2. f4 Nf6 3. Nc3 g6 4. Nf3 Bg7 5. Be2 c5 6. O-O O-O 7. d3 Nc6 8. Bd2
b5 9. Rb1 b4 10. Na4 a5 11. h3 Bd7 12. c4 $2 Nh5 13. Kh2
e5 14. f5 gxf5 15. exf5 Nf4 16. g4 Re8 17. Rf2 Nxe2 18. Rxe2 Nd4 19. Nxd4
exd4 20. b3 Rxe2+ 21. Qxe2 Be5+ 22. Kg1 Bc6 23. g5 f6 24. Qg4 Ra7 25. g6 hxg6 26. fxg6
Bd7 27. Qe4 Be8 28. Bh6 Bd7 29. Qd5+ Kh8 30. h4 Bh3 31. Nxc5 Qc8  
32. Qe4 dxc5 33. Re1 a4 34. Bg5 Qg4+ 35. Qxg4 Bxg4 36. h5 Bxh5 0-1

[Event "Cto por Equipos de Aragon-Preferente II"]
[Site ""]
[Date "2023.03.25"]
[Round "9.57"]
[White "Aviol Perez, Jose Mariano"]
[Black "Sancho Herranz, Miguel Angel"]
[Result "1/2-1/2"]
[WhiteElo "1772"]
[BlackElo "1549"]
[PlyCount "0"]
[WhiteTeam "Actur Rey Fernando A"]
[BlackTeam "Utebo San Lamberto A"]
[EventDate "2023.01.28"]

1. d4 e6 2. c4 f5 3. g3 Nf6 4. Bg2 Be7 5. Nf3 0-0 6. 0-0 d6 7. Nc3 Ne4 8. Qc2 Nxc3
9. Qxc3 Bf6 10. Qb3 Nc6 11. d5 exd5 12. cxd5 Nd4 13. Nxd4 Bxd4 14. Bd2 h5 15. Rac1
Bb6 16. h4 f4 17. Bxf4 Rxf4 18. gxf4 Qxh4 19. e3 Bh3 20. Qd1 Rf8 21. Qf3 Bg4 22.
Qe4 Bf5 23. Qf3 Bg4 24. Qe4  1/2-1/2

[Event "Cto por Equipos de Aragon-Preferente II"]
[Site ""]
[Date "2023.03.25"]
[Round "9.58"]
[White "Muro Turon, Raul"]
[Black "Veras Sanz, Marino"]
[Result "1-0"]
[WhiteElo "1813"]
[BlackElo "2054"]
[PlyCount "0"]
[WhiteTeam "Tauste A"]
[BlackTeam "El Olivar B"]
[EventDate "2023.01.28"]

1. e4 c5 2. c3 b6 3. d4 Bb7 4. Bd3 Nf6 5. Nd2 cxd4 6. cxd4 Nc6 7. Ne2 e6 
8. a3
Be7 9. O-O O-O 10. Nf3 d5 11. e5 Ne4 12. Re1 f5 13. exf6 Bxf6 
14. Bb1 e5 15.
Be3 Ng5 16. Nxe5 Nxe5 17. dxe5 Bxe5 18. f4 d4 19. Bc1 Nh3+ 
20. gxh3 Qc8 21. Qd3
g6 22. Nxd4 Bxf4 23. Ba2+ Kh8 24. Bxf4 Rxf4 25. Qg3 Rf6 
26. Qe5 Qf8 27. Rf1 Re8
28. Qxf6+ 1-0

[Event "Cto por Equipos de Aragon-Preferente II"]
[Site ""]
[Date "2023.03.25"]
[Round "9.59"]
[White "Gracia Campo, Carlos Alberto"]
[Black "San Lazaro Lorente, David"]
[Result "1-0"]
[WhiteElo "2012"]
[BlackElo "1773"]
[PlyCount "0"]
[WhiteTeam "El Olivar B"]
[BlackTeam "Tauste A"]
[EventDate "2023.01.28"]

1. e4 e6 2. d4 d5 3. exd5 exd5 4. c4 Nf6 5. Bg5 dxc4 6. Bxc4 Bb4+ 7. Nc3 O-O 
8.
Ne2 h6 9. Bh4 c6 10. O-O Bf5 11. Ng3 Bh7 12. Nh5 Be7 13. Re1 g5 14. Bg3 Bg6 
15.
Nxf6+ Bxf6 16. Be5 Nd7 17. Qf3 Re8 18. Rad1 Qe7 19. Qh3 Bxe5 20. dxe5 Nxe5 
21.
Qxh6 Qc5 22. Rxe5 Rxe5 23. Qxg6+ Kh8 24. Qh6+ Kg8 25. Ne4 1-0

[Event "Cto por Equipos de Aragon-Preferente II"]
[Site ""]
[Date "2023.03.25"]
[Round "9.60"]
[White "Constin Balesescu, Ion"]
[Black "Bailo Remacha, Santiago"]
[Result "0-1"]
[WhiteElo "1686"]
[BlackElo "1928"]
[PlyCount "0"]
[WhiteTeam "Tauste A"]
[BlackTeam "El Olivar B"]
[EventDate "2023.01.28"]


1. e4 c5 2. Nf3 d6 3. d4 cxd4 4. Nxd4 Nf6 5. Nc3 a6 6. h3 e6 7. a3 Be7 8. Be3
O-O 9. Bd3 b5 10. O-O Bb7 11. Qd2 Nbd7 12. f3 d5 13. exd5 Nxd5 14. Nxd5 Bxd5

15. Rad1 Ne5 16. Be2 Rc8 17. Rfe1 Bh4 18. Bf2 Bxf2+ 19. Kxf2 Qh4+ 20. Kf1 f5

21. Bxb5 Nxf3 22. Nxf3 Bxf3 23. Be2 Be4 24. c3 Qg3 25. Bxa6 Rc6 26. Bb5 Rb6 
27.
a4 Qh2 28. Qf2 Qh1+ 29. Qg1 Bxg2+ 30. Kf2 Qxg1+ 31. Kxg1 Bxh3 32. c4 f4 33. c5

Rbb8 34. c6 f3 35. Kf2 g5 36. Re5 g4 37. c7 Rb7 38. Rg5+ Kf7 39. Rd7+ Kf6 40.
Rgg7 e5 
41. c8=Q Rxc8 42. Rxb7 Rc2+ 43. Kg3 e4 44. Kf4 f2 45. Rbf7+ Ke6 46.
Re7+ Kd6 47. Kxe4 g3 0-1

[Event "Cto por Equipos de Aragon-Preferente II"]
[Site ""]
[Date "2023.03.25"]
[Round "9.61"]
[White "Munoz Valles, Jorge"]
[Black "Solanas Esteban, Hector"]
[Result "1-0"]
[WhiteElo "1838"]
[BlackElo "1666"]
[PlyCount "0"]
[WhiteTeam "El Olivar B"]
[BlackTeam "Tauste A"]
[EventDate "2023.01.28"]

1. d4 d5 2. c4 e6 3. Nc3 Nf6 4. cxd5 exd5 5. Bg5 Be7 6. e3 O-O 7. Qc2 h6 8. Bh4
c6 
9. Bd3 Re8 10. Nf3 Ne4 11. Bxe7 Qxe7 12. O-O Bf5 13. Ne5 Nd7 14. Nxd7 Qxd7
15. f3 Nd6 
16. Rae1 Bxd3 17. Qxd3 Rad8 18. e4 dxe4 19. fxe4 Nc8 20. d5 Nb6 21.
Rd1 cxd5 
22. exd5 Re5 23. Rfe1 Rxe1+ 24. Rxe1 Nxd5 25. Nxd5 Qxd5 1-0

[Event "Cto por Equipos de Aragon-Preferente II"]
[Site ""]
[Date "2023.03.25"]
[Round "9.62"]
[White "Ruiz Fernandez, Daniel"]
[Black "Gracia Suarez, Jesus"]
[Result "1-0"]
[WhiteElo "1926"]
[BlackElo "2071"]
[PlyCount "0"]
[WhiteTeam "MyInvestor Casablanca C"]
[BlackTeam "San Jose A"]
[EventDate "2023.01.28"]

1. d4 Nf6 2. c4 c5 3. d5 b5 4. cxb5 a6 5. bxa6 Bxa6 6. Nc3 g6 7. e4 Bxf1 8.
Kxf1 d6 9. Nf3 Nbd7 10. g3 Bg7 11. Kg2 O-O 12. Qe2 Qb6 13. Nd2 Rfb8 14. Nc4 Qb7
15. a4 Nb6 16. Nxb6 Qxb6 17. Nb5 Qxb5 18. axb5 Rxa1 19. Bd2 Ra4 20. f3 Ra2 21.
Bc3 Ne8 22. Qc4 Ra7 23. Bxg7 Kxg7 24. b4 Rc7 25. Rb1 cxb4 26. Qd4+ Kg8 27. Rxb4
Rc2+ 28. Kh3 Nc7 29. Qd3 Rc5 30. b6 Ne8 31. Qa6 Kf8 32. b7 Nc7 33. Qa7 1-0

[Event "Cto por Equipos de Aragon-Preferente II"]
[Site ""]
[Date "2023.03.25"]
[Round "9.64"]
[White "Jaime Galeano, Alcher"]
[Black "Baldellou Vicente, Roberto"]
[Result "1/2-1/2"]
[WhiteElo "1589"]
[BlackElo "1952"]
[PlyCount "0"]
[WhiteTeam "MyInvestor Casablanca C"]
[BlackTeam "San Jose A"]
[EventDate "2023.01.28"]

1. e4 e5 2. Nf3 Nc6 3. Nc3 Nf6 4. d4 exd4 5. Nxd4 Bb4 6. Nxc6 bxc6 7. Bd2 O-O
8. Bd3 Re8 9. O-O Bxc3 10. Bxc3 Nxe4 11. Bd4 c5 12. Bxe4 Rxe4 13. Bxg7 Bb7 14.
Bc3 Qg5 15. f3 Re7 16. Qd3 Rae8 17. Rae1 Rxe1 18. Rxe1 Rxe1+ 19. Bxe1 Qc1 20.
Kf2 Qxb2 21. Bc3 Qxa2 22. Qf5 h6 23. Qg4+ Kf8 24. Qg7+ Ke8 25. Qh8+ Ke7 26.
Qf6+ Ke8 27. Qh8+ Ke7 28. Qe5+ Kd8 29. Qf6+ Ke8 30. Qh8+ 1/2-1/2

[Event "Cto por Equipos de Aragon-Preferente II"]
[Site ""]
[Date "2023.03.25"]
[Round "9.65"]
[White "Palomar Ramon, Santiago"]
[Black "Sese Serrano, Isaac"]
[Result "1-0"]
[WhiteElo "1892"]
[BlackElo "1378"]
[PlyCount "0"]
[WhiteTeam "San Jose A"]
[BlackTeam "MyInvestor Casablanca C"]
[EventDate "2023.01.28"]

1. Nc3 e5 2. Nf3 Nc6 3. d4 exd4 4. Nxd4 Bc5 5. Be3 Bb6 6. Nd5 Nf6 7. Nxb6 axb6
8. Nb5 O-O 9. Bf4 d6 10. e3 Be6 11. c4 Ne5 12. Bxe5 dxe5 13. Qxd8 Raxd8 14.
Nxc7 Bf5 15. Be2 Rd7 16. Nb5 Rfd8 17. Rd1 Rxd1+ 18. Bxd1 Bb1 19. Nc3 Bd3 20.
Be2 Ne4 21. Bxd3 Nxc3 22. Bc2 Nxa2 23. Ke2 Nb4 24. Be4 Rd7 25. Ra1 Na6 26. Bxb7
Rxb7 27. Rxa6 Kf8 28. Kd3 Ke7 29. Ke4 f6 30. Kd5 Kd7 31. b4 b5 32. c5 1-0

[Event "Ctor por Equipos de Aragon-Division de Honor"]
[Site ""]
[Date "2023.04.01"]
[Round "10.1"]
[White "Hinojar Basa, Alfonso"]
[Black "Adla, Diego"]
[Result "1/2-1/2"]
[WhiteElo "2164"]
[BlackElo "2400"]
[PlyCount "0"]
[WhiteTeam "Marcos Frechin"]
[BlackTeam "MyInvestor Casablanca"]
[EventDate "2023.01.28"]

1. e4 e5 2. Nf3 Nc6 3. Bc4 Nf6 4. d3 Bc5 5. O-O O-O 6. h3 d6 7. c3 a5 8. Re1 h6
9. Nbd2 Be6 10. Bb5 Nd7 11. Nf1 d5 12. exd5 Bxd5 13. Ne3 Bxe3 14. Bxe3 f5 15.
c4 Bf7 16. Bxc6 bxc6 17. Qa4 f4 18. Bd2 Nc5 19. Qxc6 Nxd3 20. Reb1 Re8 21. Bc3
Re6 22. Qd5 Rd6 23. Qe4 Bg6 24. Qe2 e4 25. Ne1 Bf5 26. Nxd3 Rxd3 27. Rd1 Qg5
28. Rxd3 exd3 29. Qf3 Re8 30. Re1 Rxe1+ 31. Bxe1 a4 32. Bd2 Qg6 33. Bxf4 c6 34.
Qe3 d2 35. Qxd2 Bxh3 36. Bg3 1/2-1/2

[Event "Ctor por Equipos de Aragon-Division de Honor"]
[Site ""]
[Date "2023.04.01"]
[Round "10.2"]
[White "Glavina, Pablo"]
[Black "Miranda Herrera, Jorge Manuel"]
[Result "1-0"]
[WhiteElo "2408"]
[BlackElo "2115"]
[PlyCount "0"]
[WhiteTeam "MyInvestor Casablanca"]
[BlackTeam "Marcos Frechin"]
[EventDate "2023.01.28"]

1. Nf3 d5 2. d4 Bg4 3. Ne5 Bf5 4. c4 dxc4 5. Nc3 Nd7 6. Nxc4 Ngf6 7. f3 e6 8.
e4 Bg6 9. Be3 c6 10. Qb3 Qc7 11. Rc1 b5 12. Ne5 Nxe5 13. Nxb5 Qa5+ 14. Bd2
Nxf3+ 15. gxf3 Qb6 16. Qa4 Rc8 17. Nxa7 Rc7 18. Nxc6 Nd7 19. Ba5 Qxb2 20. Rc2
Qb1+ 21. Kf2 Bd6 22. Bxc7 Bxc7 23. Nb4 Qd1 24. Nd5 Bd8 25. Qxd7+ Kxd7 26. Bb5+
Kd6 27. Rc6+ Kd7 28. Rc7+ Kd6 29. Rd7# 1-0

[Event "Ctor por Equipos de Aragon-Division de Honor"]
[Site ""]
[Date "2023.04.01"]
[Round "10.3"]
[White "Miranda Herrera, Miguel"]
[Black "Quintin Navarro, Alberto"]
[Result "0-1"]
[WhiteElo "1976"]
[BlackElo "2373"]
[PlyCount "0"]
[WhiteTeam "Marcos Frechin"]
[BlackTeam "MyInvestor Casablanca"]
[EventDate "2023.01.28"]

1. e4 c5 2. Nc3 Nc6 3. Bb5 Nd4 4. Bc4 e6 5. Nge2 Nf6 6. d3 d5 7. Bb3 Nxb3 8.
axb3 Be7 9. O-O O-O 10. Bg5 d4 11. Nb1 e5 12. Nd2 Be6 13. Bxf6 Bxf6 14. f4 exf4
15. Nxf4 Bg5 16. Nxe6 fxe6 17. Rxf8+ Qxf8 18. Nc4 b5 19. Qg4 Qe7 20. Ne5 Rf8
21. Nf3 Be3+ 22. Kf1 c4 23. dxc4 bxc4 24. Ra6 cxb3 25. cxb3 Qc7 26. Qxe6+ Kh8
27. Rc6 Qxh2 28. Qf5 Qh1+ 29. Ke2 Qxg2+ 30. Kd3 Qf1+ 31. Kc2 Qc1+ 32. Kd3 Qd1+
33. Kc4 Qf1+ 0-1

[Event "Ctor por Equipos de Aragon-Division de Honor"]
[Site ""]
[Date "2023.04.01"]
[Round "10.4"]
[White "Vela Frago, Alberto"]
[Black "Moya Gimeno, Raul"]
[Result "1/2-1/2"]
[WhiteElo "2213"]
[BlackElo "1944"]
[PlyCount "0"]
[WhiteTeam "MyInvestor Casablanca"]
[BlackTeam "Marcos Frechin"]
[EventDate "2023.01.28"]

1. e4 c5 2. Nf3 Nc6 3. d4 cxd4 4. Nxd4 Nf6 5. Nc3 e5 6. Ndb5 d6 7. Nd5 Nxd5 8.
exd5 Ne7 9. c3 f5 10. Qa4 Kf7 11. Qb4 Nxd5 12. Bc4 Be6 13. Qb3 Nf4 14. Bxf4 d5
15. O-O-O dxc4 16. Rxd8 cxb3 17. Rxa8 bxa2 18. Kc2 exf4 19. Re1 Bd5 20. f3 g6
21. b3 h5 22. h4 a6 23. Nc7 Bc6 24. Ne6 a1=N+ 25. Kb1 Nxb3 26. Nd8+ Kg8 27.
Nxc6 bxc6 28. Ree8 Kf7 29. Rec8 Nd2+ 30. Kc2 Nc4 31. Rc7+ Kg8 32. Rxc6 Ne3+ 33.
Kd3 Rh7 34. Rxg6+ Rg7 35. Rxg7+ Kxg7 36. Ra7+ Kg8 37. Rxa6 Kf7 38. Ra7+ Be7 39.
c4 Ke6 40. Ra2 Bxh4 41. Kd4 Be7 42. Ra6+ Kd7 43. Rg6 h4 44. c5 Bf8 45. c6+ Kc7
46. Ke5 Bd6+ 47. Rxd6 Nc4+ 48. Kxf5 Nxd6+ 49. Kxf4 Nc4 1/2-1/2

[Event "Ctor por Equipos de Aragon-Division de Honor"]
[Site ""]
[Date "2023.04.01"]
[Round "10.5"]
[White "Ramiro Ovejero, Juan Luis"]
[Black "Del Rey, Diego"]
[Result "1/2-1/2"]
[WhiteElo "2298"]
[BlackElo "2328"]
[PlyCount "0"]
[WhiteTeam "Jaime Casas"]
[BlackTeam "El Olivar"]
[EventDate "2023.01.28"]

1. c4 e6 2. Nf3 d5 3. e3 Nf6 4. b3 Be7 5. Be2 0-0 6. 0-0 c5 7. Bb2 Nc6 8. d3 b6 9. 
Nbd2 Bb7 10. Re1 Re8 11. Bf1 dxc4 12. Nxc4 Nd5  1/2-1/2

[Event "Ctor por Equipos de Aragon-Division de Honor"]
[Site ""]
[Date "2023.04.01"]
[Round "10.6"]
[White "Villuendas Valero, Adrian"]
[Black "Newrkla, Katharina"]
[Result "0-1"]
[WhiteElo "2259"]
[BlackElo "2255"]
[PlyCount "0"]
[WhiteTeam "El Olivar"]
[BlackTeam "Jaime Casas"]
[EventDate "2023.01.28"]

1. d4 Nf6 2. Bg5 g6 3. Bxf6 exf6 4. e3 d5 5. Nd2 Nd7 6. Bd3 c6 7. Ne2 Bd6 8. c4 dxc4 
9. Nxc4 Bc7 10. Nc3 f5 11. 0-0 0-0 12. Qc2 Nf6 13. g3 Be6 14. Rfd1 Qe7 15. Nd2 Rad8 
16. Nb3 h5 17. Nc5 Bc8 18. Bf1 h4 19. Bg2 Kg7 20. b4 hxg3 21. hxg3 Bxg3 22. b5 Ng4 
 0-1

[Event "Ctor por Equipos de Aragon-Division de Honor"]
[Site ""]
[Date "2023.04.01"]
[Round "10.7"]
[White "Fontana Sotomayor, Luis Javier"]
[Black "Galstyan, David"]
[Result "1-0"]
[WhiteElo "2221"]
[BlackElo "2040"]
[PlyCount "0"]
[WhiteTeam "Jaime Casas"]
[BlackTeam "El Olivar"]
[EventDate "2023.01.28"]

1. d4 e6 2. Nf3 Nf6 3. e3 c5 4. Bd3 d5 5. c3 Nc6 6. 0-0 Bd6 7. Nbd2 0-0 8. dxc5 Bxc5 
9. e4 Qc7 10. Qe2 h6 11. b4 Bb6 12. b5 Ne7 13. c4 dxe4 14. Nxe4 Nxe4 15. Bxe4 e5 
16. Nxe5 Bd4 17. Bf4 Bxa1 18. Ng6 Qc5 19. Nxe7+ Kh8 20. Nxc8 Raxc8 21. Rxa1 Qxc4 
22. Qf3 Rfe8 23. Bxb7 Qc1+ {(=)} 24. Qd1 Qxf4 25. Bxc8 Rxc8 26. g3 Qf6 27. Rc1 Rd8 
28. Qe2 Qd6 29. Rc6 Qb4 30. Kg2 Kh7 31. Qc2+ g6 32. Rc7 Kg8 33. Qc4 Qxc4 34. Rxc4 
Rb8 35. a4 Rb7 36. Rc8+ Kg7 37. Kf3 Re7 38. Rc6 g5 39. g4 f6 40. Ra6 Kg6 41. Rc6 
Kg7 42. Rc5 Kg6 43. a5 h5 44. h3 Re1 45. Rc7 Rb1 46. Rb7 f5 47. b6 hxg4+ 48. hxg4 
Rb3+ 49. Kg2 a6 50. Ra7 fxg4 51. Rxa6 Kf5 52. Ra8 Ke4 53. Re8+ Kf4 54. Rf8+ Ke4 
55. a6 g3 56. a7  1-0

[Event "Ctor por Equipos de Aragon-Division de Honor"]
[Site ""]
[Date "2023.04.01"]
[Round "10.8"]
[White "Munoz Valles, Jorge"]
[Black "Roque Sola, Jose Luis"]
[Result "1-0"]
[WhiteElo "1838"]
[BlackElo "2217"]
[PlyCount "0"]
[WhiteTeam "El Olivar"]
[BlackTeam "Jaime Casas"]
[EventDate "2023.01.28"]

1. d4 Nf6 2. c4 g6 3. Nc3 d5 4. cxd5 Nxd5 5. e4 Nxc3 6. bxc3 Bg7 7. Nf3 c5 8. Rb1 
0-0 9. Be2 Nc6 10. e5 cxd4 11. cxd4 Qa5+ 12. Qd2 Qxd2+ 13. Bxd2 Rd8 14. Be3 Rb8 
15. 0-0 Be6 16. a3 Bd5 17. Rfd1 Bf8 18. e6 Bxe6 19. Bf4 Rbc8 20. Rxb7 Bd5 21. Rc7 
Rxc7 22. Bxc7 Rd7 23. Be5 f6 24. Bg3 e6 25. a4 Bxf3 26. gxf3 Nxd4 27. Kg2 e5 28. 
Bc4+ Kg7 29. f4 Bd6 30. fxe5 fxe5 31. f4 Nf5 32. fxe5 Ne3+ 33. Kf3 Nxd1 34. exd6 
Kf6 35. Bb5 Rf7 36. Be8  1-0

[Event "Ctor por Equipos de Aragon-Division de Honor"]
[Site ""]
[Date "2023.04.01"]
[Round "10.10"]
[White "Escartin Lacasa, Jose"]
[Black "Guzman Moneo, Alberto"]
[Result "0-1"]
[WhiteElo "2284"]
[BlackElo "2146"]
[PlyCount "0"]
[WhiteTeam "Jaque - Aramovil"]
[BlackTeam "Helios"]
[EventDate "2023.01.28"]

1. d4 Nf6 2. Nf3 c5 3. d5 b5 4. Bg5 d6 5. Bxf6 exf6 6. e4 a6 7. a4 b4 8. Bd3 g6 9. 
0-0 Bg7 10. c3 a5 11. Nbd2 0-0 12. Nc4 Qc7 13. Nfd2 Nd7 14. f4 bxc3 15. bxc3 f5 
16. exf5 Bxc3 17. Ra3 Bd4+ 18. Kh1 Nf6 19. fxg6 fxg6 20. f5 g5 21. Nf3 h6 22. Bb1 
Ba6 23. Ba2 Rab8 24. Nxd4 cxd4 25. Qxd4 Rb4 26. Rc1 Nd7 27. Rac3 Nc5 28. Qe3 Bxc4 
29. Rxc4 Rxc4 30. Rxc4 Rxf5 31. h4 Kg7 32. Qc3+ Re5 33. Kh2 Qe7 34. Qxa5 Re3 35. 
Rc1 g4 36. Qb4 Qxh4+ 37. Kg1 Qg3 38. Qb2+ Re5 39. a5 Qe3+ 40. Kh1 g3 41. Bb1 Qg5 
42. Kg1 Qh4 43. Be4 Qh2+ 44. Kf1 Qh1+ 45. Ke2 Qxg2+  0-1

[Event "Ctor por Equipos de Aragon-Division de Honor"]
[Site ""]
[Date "2023.04.01"]
[Round "10.12"]
[White "Carrasquer Alonso, Luis"]
[Black "Lorente Melcon, Maximo"]
[Result "0-1"]
[WhiteElo "1802"]
[BlackElo "1980"]
[PlyCount "0"]
[WhiteTeam "Jaque - Aramovil"]
[BlackTeam "Helios"]
[EventDate "2023.01.28"]

1. e4 c5 2. Nf3 e6 3. Nc3 a6 4. d4 cxd4 5. Nxd4 b5 6. a3 Bb7 7. Bd3 Qb6 8. Nb3 d6 
9. Be3 Qc7 10. 0-0 Nf6 11. f4 Nbd7 12. Qe2 Be7 13. Rae1 Nc5 14. Bd4 Nxd3 15. cxd3 
e5 16. Bf2 0-0 17. Nd2 Rfe8 18. Rc1 Qd7 19. Nf3 exf4 20. Nd4 d5 21. Nf5 b4 22. Nxe7+ 
Rxe7 23. axb4 dxe4 24. Bc5 Re6 25. dxe4 Nxe4 26. Nxe4 Rxe4 27. Qf2 Rae8 28. Rfe1 
Qd5 29. Rxe4 Qxe4 30. Bd4 h6 31. Bc3 Qg6 32. Re1 Rxe1+ 33. Bxe1 f3 34. Qg3 Qxg3 
35. Bxg3 fxg2 36. Bf2 Kh7 37. Bd4 g5 38. Kf2 Kg6 39. Ke2 Kf5 40. Kd3 Kg4 41. Kc4 
Bc6  0-1

[Event "Ctor por Equipos de Aragon-Division de Honor"]
[Site ""]
[Date "2023.04.01"]
[Round "10.13"]
[White "Laliena Solanes, Luis"]
[Black "Barranco Mananet, Fernando"]
[Result "1/2-1/2"]
[WhiteElo "2196"]
[BlackElo "2005"]
[PlyCount "0"]
[WhiteTeam "ONCE C. A. Aragon"]
[BlackTeam "Monzon"]
[EventDate "2023.01.28"]

1. e4 e6 2. d4 d5 3. Nc3 Nf6 4. Bg5 Be7 5. e5 Nfd7 6. h4 h6 7. Be3 c5 8. Qg4
Kf8 9. f4 cxd4 10. Bxd4 Nc6 11. Nf3 Nxd4 12. Nxd4 a6 13. O-O-O Qc7 14. Rh3 h5
15. Qxe6 Nb6 16. Nxd5 Nxd5 17. Qxd5 Bxh3 18. gxh3 Rd8 19. Qe4 Bc5 20. Bc4
1/2-1/2